|
|
|
|
| LEADER |
00000nab a2200000uu 4500 |
| 001 |
vtls010902892 |
| 003 |
SK-MaSNL |
| 005 |
20260303142340.0 |
| 008 |
230222|2012 xo |||||||||||||||||slo| |
| 015 |
|
|
|a SNBRB
|
| 035 |
|
|
|a (urnnbn)urn:nbn:sk:snk:ar-a07pma
|
| 035 |
|
|
|a (uuid)7df3b284-024d-461b-acc1-02de47ac76ef
|
| 035 |
|
|
|a urn:nbn:sk:snk-ab8u1u
|
| 040 |
|
|
|a SNKBUCL
|b slo
|c SNKBUCL
|e AACR2
|
| 041 |
0 |
|
|a slo
|
| 044 |
|
|
|a xo
|c SK
|
| 100 |
1 |
|
|a Linha, Marek
|4 aut
|9 496765
|
| 245 |
1 |
0 |
|a AKCELERAČNÝ PROGRAM NA REDUKCIU AGRESÍVNEHO A PROZÁVISLÉHO SPRÁVANIA
|c Marek Linha, Peter Figula
|
| 700 |
1 |
|
|a Figula, Peter
|4 aut
|9 1064277
|
| 773 |
0 |
|
|t Prevencia : informačný bulletin zameraný na prevenciu sociálno-patologických javov v rezorte školstva
|g Roč. 11, č. 2 (2012), s. 57-69
|
| 954 |
|
|
|a odborná, vedecká literatúra pôvodná (slovenská)
|2 lita
|
| 958 |
|
|
|a OND
|
| 958 |
|
|
|a EUIPO
|
| 958 |
|
|
|a article10
|
| 999 |
|
|
|c 1982221
|d 1984151
|